000 00563nam a2200181Ia 4500
999 _c20880
_d20880
003 OSt
005 20201113093121.0
008 190216s9999||||xx |||||||||||||| ||und||
022 _28173412634
040 _coclc
082 _a820
_bMIS/A
100 _aMishra, Shri Krishna
_96324
245 0 _aAn Assault On Humanity :
_bAfghanistan in Cultural Perspective /
_cShri Krishna Mishra
260 _bIndian Publishers Distributors,
_c2003.
_aDelhi:
300 _a143p
650 _aWorld History
942 _cBK
_2ddc
_h820
_iMIS/A
_k820
_mMIS/A